LEADER 04790nam 22007571c 450 001 9910963038103321 005 20200115203623.0 010 $a9781472521286 010 $a1472521285 010 $a9781472539717 010 $a1472539710 010 $a9781472521279 010 $a1472521277 024 7 $a10.5040/9781472539717 035 $a(CKB)2550000001194531 035 $a(EBL)1609879 035 $a(SSID)ssj0001157876 035 $a(PQKBManifestationID)11651017 035 $a(PQKBTitleCode)TC0001157876 035 $a(PQKBWorkID)11211559 035 $a(PQKB)11397937 035 $a(MiAaPQ)EBC1609879 035 $a(Au-PeEL)EBL1609879 035 $a(CaPaEBR)ebr10831849 035 $a(CaONFJC)MIL603478 035 $a(OCoLC)870245524 035 $a(OCoLC)874146633 035 $a(UtOrBLW)bpp09259044 035 $a(UtOrBLW)BP9781472539717BC 035 $a(Perlego)807299 035 $a(EXLCZ)992550000001194531 100 $a20150504d2008 uy 0 101 0 $aeng 135 $aur|n|---||||| 181 $ctxt 182 $cc 183 $acr 200 10$aEuripides $ePhoenician women $fThalia Papadopoulou 205 $a1st ed. 210 1$aLondon $cBloomsbury $d2008. 215 $a1 online resource (161 p.) 225 0 $aBloomsbury companions to Greek and Roman tragedy 300 $aDescription based upon print version of record. 311 08$a9780715634646 311 08$a071563464X 320 $aIncludes bibliographical references and index 327 $aCover; Contents; Map; Acknowledgements; Preface; 1. Poet and Play; 2. Myth and Intertextuality; 3. Characters and Actions; 4. The Choral Odes; 5. Performance; 6. Reception; Notes; Guide to Further Reading; Bibliography; Glossary of Ancient and Technical Terms; Genealogical table; Chronology; Index; A; B; C; D; E; F; G; H; I; J; K; L; M; N; O; P; Q; R; S; T; V; W; Z 330 $a"'Phoenician Women', one of Euripides' later tragedies, is an intriguing play that arguably displays some of his finest dramatic technique. Rich in cast and varied in incident, it is an example of Euripides' experimentation with structure. It dramatises the most fertile mythical tradition of the city of Thebes and its doomed royal family, focusing in particular on the conflict between Eteocles and Polyneices as a result of their father Oedipus' curse, which eventually leads to mutual fratricide. The play was very popular throughout antiquity, and became part of the so-called 'Byzantine Triad' (along with 'Hecuba' and 'Orestes'), of plays studied in the school curriculum. Thalia Papadopoulou here offers a thorough survey of the play in its historical context, against the background of Athenian tragedy and Euripidean dramaturgy. Employing various critical approaches, she investigates the literary tradition and the dynamics of intertextuality, Euripidean dramatic technique, the use of rhetoric, characterisation, gender, the function of the Chorus, aspects of performance and the reception of the play from antiquity to modern times."--Bloomsbury Publishing 330 8 $a"Phoenician Women", one of Euripides' later tragedies, is an intriguing play that arguably displays some of his finest dramatic technique. Rich in cast and varied in incident, it is an example of Euripides' experimentation with structure. It dramatises the most fertile mythical tradition of the city of Thebes and its doomed royal family, focusing in particular on the conflict between Eteocles and Polyneices as a result of their father Oedipus' curse, which eventually leads to mutual fratricide. The play was very popular throughout antiquity, and became part of the so-called "Byzantine Triad" (along with "Hecuba" and "Orestes"), of plays studied in the school curriculum.Thalia Papadopoulou here offers a thorough survey of the play in its historical context, against the background of Athenian tragedy and Euripidean dramaturgy. Employing various critical approaches, she investigates the literary tradition and the dynamics of intertextuality, Euripidean dramatic technique, the use of rhetoric, characterisation, gender, the function of the Chorus, aspects of performance and the reception of the play from antiquity to modern times 606 $aPhoenicians 606 $2Literary studies: classical, early & medieval 606 $aSeven against Thebes (Greek mythology) 606 $aTragedy 615 0$aPhoenicians. 615 0$aSeven against Thebes (Greek mythology) 615 0$aTragedy. 676 $a882/.01 676 $a882.01 700 $aPapadopoulou$b Thalia$f1971-$01868517 801 0$bUtOrBLW 801 1$bUtOrBLW 801 2$bUkLoBP 906 $aBOOK 912 $a9910963038103321 996 $aEuripides$94479976 997 $aUNINA